MARC details
| 000 -LEADER |
| fixed length control field |
02071cam a2200517 4500 |
| 001 - CONTROL NUMBER |
| control field |
21424 |
| 003 - CONTROL NUMBER IDENTIFIER |
| control field |
VRT |
| 005 - DATE AND TIME OF LATEST TRANSACTION |
| control field |
20260302101511.0 |
| 008 - FIXED-LENGTH DATA ELEMENTS--GENERAL INFORMATION |
| fixed length control field |
200228s2019 xo af ar 010 j slo |
| 015 ## - NATIONAL BIBLIOGRAPHY NUMBER |
| National bibliography number |
SNBA2019/10 |
| 020 ## - INTERNATIONAL STANDARD BOOK NUMBER |
| International Standard Book Number |
9788081428692 |
| Qualifying information |
(viazané) |
| 035 ## - SYSTEM CONTROL NUMBER |
| System control number |
urn:nbn:sk:snk-am00deyq |
| 035 ## - SYSTEM CONTROL NUMBER |
| System control number |
urn:nbn:sk:snk-am3hzy9 |
| 035 ## - SYSTEM CONTROL NUMBER |
| System control number |
DC060165-CF3C-42B5-AADB-6F80F96CBEF1 |
| 039 #9 - LEVEL OF BIBLIOGRAPHIC CONTROL AND CODING DETAIL [OBSOLETE] |
| Level of rules in bibliographic description |
202402141300 |
| Level of effort used to assign nonsubject heading access points |
AUTHORITY |
| Level of effort used to assign subject headings |
202002281241 |
| Level of effort used to assign classification |
VLOAD |
| Level of effort used to assign subject headings |
201910221030 |
| Level of effort used to assign classification |
msnk161 |
| Level of effort used to assign subject headings |
201910141457 |
| Level of effort used to assign classification |
msnk04 |
| 040 ## - CATALOGING SOURCE |
| Original cataloging agency |
POKPOH |
| Language of cataloging |
slo |
| Transcribing agency |
POKPOH |
| Modifying agency |
SNK |
| Description conventions |
rda |
| 041 1# - LANGUAGE CODE |
| Language code of text/sound track or separate title |
slo |
| Language code of original |
fre |
| Language code of intermediate translations |
eng |
| 044 ## - COUNTRY OF PUBLISHING/PRODUCING ENTITY CODE |
| MARC country code |
xo |
| ISO country code |
SK |
| 072 #7 - SUBJECT CATEGORY CODE |
| Subject category code |
821.133.1 |
| Subject category code subdivision |
Francúzska literatúra, francúzsky písaná |
| Source |
konspekt |
| 072 #7 - SUBJECT CATEGORY CODE |
| Subject category code |
821-93 |
| Subject category code subdivision |
Literatúra pre deti a mládež (beletria) |
| Source |
konspekt |
| 080 ## - UNIVERSAL DECIMAL CLASSIFICATION NUMBER |
| Universal Decimal Classification number |
821.133.1(493)-34 |
| Edition identifier |
2011 |
| 080 ## - UNIVERSAL DECIMAL CLASSIFICATION NUMBER |
| Universal Decimal Classification number |
82-93-053.4/.5 |
| Edition identifier |
2011 |
| 100 1# - MAIN ENTRY--PERSONAL NAME |
| Personal name |
Gréban, Quentin, |
| Dates associated with a name |
1977- |
| Relationship |
aut |
| -- |
ill |
| 240 10 - UNIFORM TITLE |
| Uniform title |
Un jour, je serai pompier |
| Language of a work |
Slovensky |
| 245 10 - TITLE STATEMENT |
| Title |
Chcem byť hasičom |
| Statement of responsibility, etc. |
Quentin Gréban |
| 250 ## - EDITION STATEMENT |
| Edition statement |
Prvé vydanie |
| 264 #1 - PRODUCTION, PUBLICATION, DISTRIBUTION, MANUFACTURE, AND COPYRIGHT NOTICE |
| Place of production, publication, distribution, manufacture |
Bratislava |
| Name of producer, publisher, distributor, manufacturer |
Fortuna Libri |
| Date of production, publication, distribution, manufacture, or copyright notice |
2019 |
| 300 ## - PHYSICAL DESCRIPTION |
| Extent |
25 nečíslovaných strán |
| Other physical details |
farebné ilustrácie, ilustrované listy |
| Dimensions |
29 cm |
| 336 ## - CONTENT TYPE |
| Content type term |
text |
| Content type code |
txt |
| Source |
rdacontent |
| 336 ## - CONTENT TYPE |
| Content type term |
statický obraz |
| Content type code |
sti |
| Source |
rdacontent |
| 337 ## - MEDIA TYPE |
| Media type term |
bez média |
| Media type code |
n |
| Source |
rdamedia |
| 338 ## - CARRIER TYPE |
| Carrier type term |
zväzok |
| Carrier type code |
nc |
| Source |
rdacarrier |
| 500 ## - GENERAL NOTE |
| General note |
Preložené z anglického prekladu belgického prekladu francúzskeho jazyka |
| 655 #7 - INDEX TERM--GENRE/FORM |
| Genre/form data or focus term |
belgické rozprávky (francúzsky) |
| Source of term |
SNKPH |
| 655 #7 - INDEX TERM--GENRE/FORM |
| Genre/form data or focus term |
Belgian fairy tales (French) |
| Source of term |
SNKPHeng |
| 655 #7 - INDEX TERM--GENRE/FORM |
| Genre/form data or focus term |
literatúra pre deti |
| Source of term |
SNKPH |
| 655 #7 - INDEX TERM--GENRE/FORM |
| Genre/form data or focus term |
Children’s literature |
| Source of term |
SNKPHeng |
| 700 1# - ADDED ENTRY--PERSONAL NAME |
| Personal name |
Stareková, Denisa |
| Relationship |
trl |
| 765 08 - ORIGINAL LANGUAGE ENTRY |
| Relationship information |
Názov anglického prekladu: |
| Title |
I want to be a firefighter |
| 942 ## - ADDED ENTRY ELEMENTS (KOHA) |
| Source of classification or shelving scheme |
Dewey Decimal Classification |
| Koha item type |
Krásna literatúra pre deti |
| Suppress in OPAC |
No |
| 949 ## - LOCAL PROCESSING INFORMATION (OCLC) |
| 6 |
2889352860 |
| a |
savukPV 28958 |
| b |
savuk2019/3767 |
| 949 ## - LOCAL PROCESSING INFORMATION (OCLC) |
| 6 |
17A1390544 |
| a |
snkSB 94661 |
| b |
snk2019/26043 |
| o |
1745/19 |
| s |
6100:20191023 |
| 949 ## - LOCAL PROCESSING INFORMATION (OCLC) |
| 6 |
17A1390545 |
| a |
snkSB 94661 D1 |
| b |
snk2019/26044 |
| o |
1745/19 |
| 949 ## - LOCAL PROCESSING INFORMATION (OCLC) |
| 6 |
270001000574981 |
| a |
svkbbC 64126 |
| b |
svkbbm 785708 |
| 949 ## - LOCAL PROCESSING INFORMATION (OCLC) |
| 6 |
273K0648921 |
| a |
svkpoC 60563 |
| b |
svkpo641390 |